000 00736cam a2200241 a 4500
008
020 _a0421574607(pbk.)
049 _aMAIN
050 0 0 _aKD2435
_fUFF
100 1 _aUff, John.
245 1 0 _aConstruction law :
_blaw and practice relating to the construction industry /
_cby John Uff.
250 _a6th ed.
260 _aLondon :
_bSweet & Maxwell,
_c1996.
300 _axxxi, 519 p. ;
_c22 cm.
500 _aIncludes index.
650 0 _aConstruction industry
_xLaw and legislation
_zGreat Britain.
650 0 _aConstruction contracts
_zGreat Britain.
907 _a.b10206589
_b22-04-09
_c05-07-06
003
005 20230123134224.0
040 _cNUST
942 _cBOOKS
999 _c162153
_d162153